Mahavir charit (Record no. 148455)
[ view plain ]
| 000 -LEADER | |
|---|---|
| fixed length control field | 00621nam a2200229Ia 4500 |
| 003 - CONTROL NUMBER IDENTIFIER | |
| control field | OSt |
| 005 - DATE AND TIME OF LATEST TRANSACTION | |
| control field | 20260305160413.0 |
| 008 - FIXED-LENGTH DATA ELEMENTS--GENERAL INFORMATION | |
| fixed length control field | 210210b1921 xxu||||| |||| 00| 0 eng d |
| 040 ## - CATALOGING SOURCE | |
| Transcribing agency | AL |
| 041 ## - LANGUAGE CODE | |
| Language code of text/sound track or separate title | Hindi |
| 082 ## - DEWEY DECIMAL CLASSIFICATION NUMBER | |
| Classification number | 863/108 |
| 100 ## - MAIN ENTRY--PERSONAL NAME | |
| Personal name | bhasa |
| Dates associated with a name | भाषा |
| 9 (RLIN) | 257867 |
| 245 ## - TITLE STATEMENT | |
| Title | Mahavir charit |
| Remainder of title | महावीर चरितम |
| 260 ## - PUBLICATION, DISTRIBUTION, ETC. | |
| Place of publication, distribution, etc. | PrAyAg |
| Name of publisher, distributor, etc. | - |
| Date of publication, distribution, etc. | 1921 |
| 650 ## - SUBJECT ADDED ENTRY--TOPICAL TERM | |
| Topical term or geographic name entry element | MahAvir |
| 9 (RLIN) | 257868 |
| 650 ## - SUBJECT ADDED ENTRY--TOPICAL TERM | |
| Topical term or geographic name entry element | charit: |
| 9 (RLIN) | 257869 |
| 650 ## - SUBJECT ADDED ENTRY--TOPICAL TERM | |
| Topical term or geographic name entry element | bhAsa |
| 9 (RLIN) | 257870 |
| 690 ## - LOCAL SUBJECT ADDED ENTRY--TOPICAL TERM (OCLC, RLIN) | |
| Topical term or geographic name as entry element | Hindi Drama |
| 9 (RLIN) | 257871 |
| 700 ## - ADDED ENTRY--PERSONAL NAME | |
| Personal name | LALA (Sitaram) |
| Dates associated with a name | लाला (सीताराम) tr. |
| 9 (RLIN) | 257872 |
| 906 ## - LOCAL DATA ELEMENT F, LDF (RLIN) | |
| a | 023485 |
| 942 ## - ADDED ENTRY ELEMENTS (KOHA) | |
| Source of classification or shelving scheme | Dewey Decimal Classification |
| Koha item type | Book |
| Withdrawn status | Lost status | Source of classification or shelving scheme | Damaged status | Not for loan | Collection code | Home library | Current library | Shelving location | Date acquired | Cost, normal purchase price | Total Checkouts | Full call number | Barcode | Date last seen | Price effective from | Koha item type |
|---|---|---|---|---|---|---|---|---|---|---|---|---|---|---|---|---|
| Dewey Decimal Classification | Hindi | St Aloysius Library | St Aloysius Library | 02/17/2021 | 0.00 | 863/108 | 023485 | 02/17/2021 | 02/17/2021 | Book |